Loading...
| Literature - British | 0 | 3 | 0 | 1 | 30 | 87 | 95.00 | 1 | 1 | 8.63 | 20.00 |
| Mythology | 0 | 3 | 2 | 0 | 20 | 80 | 92.33 | 0 | 0 | 7.81 | 13.64 |
| History - World | 0 | 1 | 0 | 0 | 10 | 21 | 21.00 | 1 | 1 | 7.64 | 9.09 |
| Literature - World | 0 | 1 | 0 | 0 | 10 | 102 | 102.00 | 0 | 0 | 2.56 | 3.64 |
| Popular Culture | 0 | 1 | 0 | 0 | 10 | 36 | 36.00 | 0 | 1 | 25.17 | 25.00 |
| Science - Biology | 0 | 1 | 0 | 0 | 10 | 106 | 106.00 | 0 | 0 | 0.00 | 0.91 |
| Science - Other | 0 | 1 | 0 | 1 | 10 | 109 | 109.00 | 0 | 0 | 0.24 | 4.55 |
| Fine Arts - Painting and Sculpture | 0 | 1 | 0 | 1 | 10 | 127 | 127.00 | 0 | 0 | 0.07 | 2.73 |
| Fine Arts - Other | 0 | 1 | 1 | 0 | 5 | 110 | 110.00 | 0 | 1 | 1.34 | 7.27 |